000 00316nam a2200133Ia 4500
008 191201s2018 xx 000 0 und d
082 _a615.321 KOP
100 _aKOKATE,C.K
245 0 _aPharmacognosy
260 _bNirali Prakashan
_aNew Delhi
_c2018
300 _aMISC
650 _aPharmacognosy
942 _2ddc
_cBK
999 _c8419
_d8419